00698 2200193 4500245005100000020001800051250001100069100001700080700001900097650000800116650002600124005001900150260002700169041001400196084001100210300002700221500024700248336000900495 aMulti Level Marketing PluscVan NistainshText a979-763-082-X aCet. 1 aVan Nistains aDwi Prabantini aMLM aMulti Level Marketing a20231003143314 aYogyakartabANDIc2005 aIndonesia a658.84 avi, 106 hlm. :c21 cm. aBuku ini memberikan pemahaman mendalam tentang industri pemasaran jaringan, yang detail pembahasannya terdiri dari mengapa industri MLM terus tumbuh dan berkembang; nilai lebih MLM dibandinglan dengan bisnis konvensional; dan lain sebagainya. atext